Vietnam : Technical Assistance Report-Government Finance Statistics (June 10-14, 2019).

The main purpose of the mission was to continue TA to assist with upgrading the compilation and dissemination of fiscal data and GFS in Vietnam in line with the international standard, the Government Finance Statistics Manual 2014 (GFSM 2014).

Bibliografske podrobnosti
Korporativna značnica: International Monetary Fund. Statistics Dept
Format: Revija
Jezik:English
Izdano: Washington, D.C. : International Monetary Fund, 2020.
Serija:IMF Staff Country Reports; Country Report ; No. 2020/230
Online dostop:Full text available on IMF
LEADER 01337cas a2200241 a 4500
001 AALejournalIMF021148
008 230101c9999 xx r poo 0 0eng d
020 |c 5.00 USD 
020 |z 9781513552040 
022 |a 1934-7685 
040 |a BD-DhAAL  |c BD-DhAAL 
110 2 |a International Monetary Fund.  |b Statistics Dept. 
245 1 0 |a Vietnam :   |b Technical Assistance Report-Government Finance Statistics (June 10-14, 2019). 
264 1 |a Washington, D.C. :  |b International Monetary Fund,  |c 2020. 
300 |a 1 online resource (12 pages) 
490 1 |a IMF Staff Country Reports 
500 |a <strong>Off-Campus Access:</strong> No User ID or Password Required 
500 |a <strong>On-Campus Access:</strong> No User ID or Password Required 
506 |a Electronic access restricted to authorized BRAC University faculty, staff and students 
520 3 |a The main purpose of the mission was to continue TA to assist with upgrading the compilation and dissemination of fiscal data and GFS in Vietnam in line with the international standard, the Government Finance Statistics Manual 2014 (GFSM 2014). 
538 |a Mode of access: Internet 
830 0 |a IMF Staff Country Reports; Country Report ;  |v No. 2020/230 
856 4 0 |z Full text available on IMF  |u http://elibrary.imf.org/view/journals/002/2020/230/002.2020.issue-230-en.xml  |z IMF e-Library